[Event "AUTO-OPEN-4213"]
[Site "http://www.queenalice.com/game.php?id=1627371"]
[Date "2020.9.18"]
[Round "1"]
[White "OtavioAugustoOliveira"]
[Black "Magogue"]
[Result "1-0"]
[WhiteElo "1254"]
[BlackElo "1607"]

1. e4 e5 2. d4 exd4 3. c3 d5 4. Qxd4 Be6 5. exd5 Qxd5 6. Qxd5 Bxd5 7. c4 Bb4+ 8.
Bd2 Bxd2+ 9. Nxd2 Bc6 10. Ngf3 Nf6 11. Bd3 O-O 12. O-O Nbd7 13. Rfe1 Rfe8 14. b4
Rxe1+ 15. Rxe1 Re8 16. Rxe8+ Nxe8 17. Ng5 h6 18. Nge4 Nef6 19. b5 Bxe4 20. Bxe4
Nc5 21. f3 Ncxe4 22. Nxe4 Nxe4 23. fxe4 f6 24. Kf2 Kf7 25. Ke3 Ke6 26. Kd4 b6
27. a4 Kd6 28. g3 h5 29. h3 g6 30. g4 h4 31. e5+ fxe5+ 32. Ke4 Ke6 33. g5 Kd6
34. Kd3 Kc5 35. Ke4 1-0

[Event "AUTO-OPEN-4213"]
[Site "http://www.queenalice.com/game.php?id=1627396"]
[Date "2020.9.18"]
[Round "1"]
[White "OtavioAugustoOliveira"]
[Black "Lovac64"]
[Result "0-1"]
[WhiteElo "1568"]
[BlackElo "2313"]

1. e4 c5 2. Nf3 d6 3. Bc4 Nf6 4. e5 dxe5 5. Nxe5 e6 6. Nc3 a6 7. d3 b5 8. Bb3
Qc7 9. Qf3 Qxe5+ 10. Be3 Qc7 11. Bf4 Qc6 12. Qg3 Nh5 13. Qg4 Nxf4 14. Qxf4 Be7
0-1

[Event "AUTO-OPEN-4213"]
[Site "http://www.queenalice.com/game.php?id=1627397"]
[Date "2020.9.18"]
[Round "1"]
[White "Lovac64"]
[Black "OtavioAugustoOliveira"]
[Result "1-0"]
[WhiteElo "2314"]
[BlackElo "1566"]

1. e4 e5 2. Nf3 Nc6 3. Bc4 Nf6 4. d3 Bc5 5. c3 O-O 6. O-O d6 7. h3 d5 8. exd5
Nxd5 9. Re1 f6 10. d4 exd4 11. Qb3 Ne7 12. cxd4 Bb6 13. Rxe7 Qxe7 14. Bxd5+ Kh8
15. Bd2 1-0

[Event "AUTO-INT-3586"]
[Site "http://www.queenalice.com/game.php?id=1628791"]
[Date "2020.10.2"]
[Round "1"]
[White "ungern"]
[Black "OtavioAugustoOliveira"]
[Result "0-1"]
[WhiteElo "1586"]
[BlackElo "1615"]

1. e4 c5 2. d3 Nc6 3. Be3 d6 4. Nf3 Nf6 5. Nc3 e6 6. Be2 e5 7. O-O Bg4 8. h3
Bxf3 9. Bxf3 Be7 10. Qd2 O-O 11. Nd5 Nxd5 12. exd5 Nb4 13. c3 Na6 14. c4 b6 15.
Qc3 Bf6 16. g4 e4 17. Qd2 exf3 18. Rac1 Bh4 19. Bf4 Re8 20. Bg3 Re2 21. Qd1 Rxb2
22. Qxf3 Rxa2 23. Ra1 Nb4 24. Bxh4 Qxh4 25. Rae1 g6 26. Re3 a5 27. Qf4 Rd8 28.
Rf3 Rd7 29. d4 Re2 30. dxc5 dxc5 31. Re3 Rxe3 32. Qxe3 Re7 33. Qf3 Nc2 34. Rb1
Nd4 35. Qd3 Re2 36. Rf1 Qf6 37. f3 Qf4 38. Rf2 Qg3+ 0-1

[Event "AUTO-INT-3586"]
[Site "http://www.queenalice.com/game.php?id=1628792"]
[Date "2020.10.2"]
[Round "1"]
[White "OtavioAugustoOliveira"]
[Black "ungern"]
[Result "1-0"]
[WhiteElo "1573"]
[BlackElo "1586"]

1. e4 e5 2. Nf3 d6 3. Bc4 Be6 4. Bxe6 fxe6 5. d3 Nc6 6. Ng5 Qd7 7. Nc3 Be7 8.
Qf3 O-O-O 9. Qe3 h6 10. Nf7 Nf6 11. Nxh8 Rxh8 12. Nb5 d5 13. Nxa7+ Nxa7 14. Qxa7
Qe8 15. Qa8+ Kd7 16. Qxb7 Qg6 17. g3 d4 18. Bd2 Ne8 19. Qb5+ c6 20. Qxe5 c5 21.
Qb8 Bg5 22. Qa7+ Kd8 23. Ba5+ Kc8 24. Qxc5+ Kd7 25. Qxd4+ Nd6 26. e5 Be7 27.
exd6 Bf6 28. Qa7+ Kxd6 29. Qc7+ Kd5 30. c4+ Kd4 31. Qd6# 1-0

[Event "AUTO-INT-3586"]
[Site "http://www.queenalice.com/game.php?id=1628805"]
[Date "2020.10.2"]
[Round "1"]
[White "caradepau"]
[Black "OtavioAugustoOliveira"]
[Result "0-1"]
[WhiteElo "1599"]
[BlackElo "1594"]

1. e4 e5 2. Bc4 Nf6 3. d3 Nc6 4. a3 Bc5 5. h3 d6 6. Nf3 d5 7. exd5 Nxd5 8. O-O
O-O 9. Bxd5 Qxd5 10. Nc3 Qd8 11. Bg5 f6 12. Bh4 Bf5 13. Re1 Qd7 14. b4 Bd4 15.
Nxd4 Nxd4 16. a4 Rad8 17. Ne2 Bxh3 18. Nxd4 Qxd4 19. gxh3 Qxh4 20. Qf3 Qxb4 21.
Reb1 Qc3 22. Qxb7 Qxc2 23. Qxa7 Ra8 24. Qe3 Rxa4 25. Qe1 Rxa1 26. Rxa1 Qxd3 27.
Kh2 c5 28. Rd1 Qf3 29. Qf1 c4 30. Re1 c3 31. Qg2 Qxg2+ 32. Kxg2 c2 33. Kg3 Rd8
34. Rc1 Rc8 35. h4 Rc4 36. f3 Kf7 37. h5 Ke6 38. Rxc2 Rxc2 39. Kg4 Rc4+ 40. Kg3
Kf5 41. Kh3 Kf4 42. Kg2 Rc2+ 43. Kh3 Kxf3 44. h6 g6 45. Kh4 Rh2# 0-1

[Event "AUTO-INT-3586"]
[Site "http://www.queenalice.com/game.php?id=1628806"]
[Date "2020.10.2"]
[Round "1"]
[White "OtavioAugustoOliveira"]
[Black "caradepau"]
[Result "1-0"]
[WhiteElo "1548"]
[BlackElo "1594"]

1. e4 e5 2. Nf3 Nc6 3. Bb5 Nge7 4. Nc3 a6 5. Bc4 b5 6. Bb3 Ng6 7. d3 h6 8. Be3
Bb4 9. Qd2 d6 10. O-O-O Nh4 11. Nxh4 Qxh4 12. g3 Qd8 13. f4 Na5 14. Bd5 O-O 15.
Bxa8 Bg4 16. Rde1 Qxa8 17. a3 Bxc3 18. Qxc3 Nc6 19. h3 Be6 20. f5 Bd7 21. g4 a5
22. h4 b4 23. axb4 axb4 24. Qb3 Kh7 25. Kd2 Ne7 26. Qxb4 Nc6 27. Qc4 Qa5+ 28. c3
f6 29. Ra1 d5 30. exd5 Qxa1 31. Rxa1 Nd8 32. Qxc7 Bb5 33. Qc5 Kg8 34. Qxb5 Kh7
35. Ra8 g6 36. Qd7+ Kg8 37. fxg6 f5 38. Qh7# 1-0

[Event "AUTO-INT-3586"]
[Site "http://www.queenalice.com/game.php?id=1628815"]
[Date "2020.10.2"]
[Round "1"]
[White "OtavioAugustoOliveira"]
[Black "vincenzo"]
[Result "1-0"]
[WhiteElo "1403"]
[BlackElo "1653"]

1. e4 e5 2. d4 exd4 3. c3 dxc3 4. Bc4 Bb4 5. Nxc3 Nf6 6. e5 Bxc3+ 7. bxc3 Ne4 8.
Qf3 d5 9. exd6 Qh4 10. Qxf7+ Kd8 11. Qxc7+ 1-0

[Event "AUTO-INT-3599"]
[Site "http://www.queenalice.com/game.php?id=1632105"]
[Date "2020.11.7"]
[Round "1"]
[White "IMONTELO"]
[Black "OtavioAugustoOliveira"]
[Result "1-0"]
[WhiteElo "1617"]
[BlackElo "1641"]

1. e4 e5 2. Nf3 Nc6 3. g3 Nf6 4. Nc3 Bc5 5. Bg2 d6 6. h3 Be6 7. d3 O-O 8. Ng5 h6
9. Nf3 a6 10. O-O d5 11. exd5 Bxd5 12. b3 Bd4 13. Bb2 Bxc3 14. Bxc3 1-0

[Event "AUTO-INT-3599"]
[Site "http://www.queenalice.com/game.php?id=1632106"]
[Date "2020.11.7"]
[Round "1"]
[White "OtavioAugustoOliveira"]
[Black "IMONTELO"]
[Result "0-1"]
[WhiteElo "1623"]
[BlackElo "1634"]

1. e4 e5 2. Nf3 Qf6 3. Bc4 d6 4. d3 h6 5. Nc3 Ne7 6. Be3 a6 7. Qd2 Qg6 8. g3 c6
9. d4 Bg4 10. Qe2 Qf6 11. dxe5 dxe5 12. h3 Bxf3 13. Qf1 Bxh1 0-1

[Event "AUTO-INT-3599"]
[Site "http://www.queenalice.com/game.php?id=1632123"]
[Date "2020.11.7"]
[Round "1"]
[White "OtavioAugustoOliveira"]
[Black "Bigchess"]
[Result "0-1"]
[WhiteElo "1584"]
[BlackElo "1789"]

1. e4 e5 2. Nf3 d6 3. Bc4 Bg4 4. O-O Nf6 5. d3 Be7 6. Nc3 Nc6 7. Be3 Nd4 8. Bxd4
exd4 9. Nd5 c6 10. Nxf6+ Bxf6 11. h3 Bh5 12. g4 Bg6 13. Qd2 a5 14. Rae1 b5 0-1

[Event "AUTO-INT-3599"]
[Site "http://www.queenalice.com/game.php?id=1632124"]
[Date "2020.11.7"]
[Round "1"]
[White "Bigchess"]
[Black "OtavioAugustoOliveira"]
[Result "1-0"]
[WhiteElo "1780"]
[BlackElo "1593"]

1. e4 e5 2. Bc4 Nf6 3. Nf3 Nxe4 4. Bxf7+ Kxf7 5. Nxe5+ Ke6 6. Qg4+ Kxe5 7. d4+
Kxd4 8. c3+ Kd5 9. Qf5+ Kc6 10. Qxe4+ d5 11. Qd3 Bc5 12. O-O g6 13. a4 Bf5 14.
Qb5+ Kd6 15. Bf4+ Ke6 16. Qxc5 1-0